000 01256nam a2200313 i 4500
003 EG-GICUC
005 20260502131229.0
008 260502s1959 ua fr|||| 00| 0 ara d
040 _a EG-GICUC
_bara
_c EG-GICUC
_d EG-GICUC
_erda
041 _aara
082 0 4 _221
_a345.249
_bف ؤ . ر
092 0 4 _221
099 _aLaw1 07 345.249 ف ؤ . ر 1959
100 0 _aفؤاد العطار
_eمؤلف.
245 1 2 _a الرقابة القضائية الإدارية :
_bدروس في شرح أسس هذه الرقابة وتطبيقاتها في القانون الوضعي /
_c الدكتور فؤاد العطار.
264 1 _aالقاهرة :
_bمطبعة مصطفى البابي الحلبي وأولاده بمصر،
_c1959.
300 _a240 ؛ صفحة
_c24 سم
336 _2rda content
_atext
337 _2rda media
_aComputer
338 _2rda carrier
_aOnline Resource
504 _aيشتمل على إرجاعات ببليوجرافية.
546 _aالنص باللغة العربية
650 1 _aالقانون الإداري
_2qrmak
650 1 _aالرقابة الإدارية
651 1 _2qrmak
856 4 0 _uhttps://fll.law.cu.edu.eg/fulltext/bks/B07-01673.pdf
905 _a167
942 _2ddc
_cBK
_e21
_n0
999 _c74809
_d74809